1585 1124 1527 1335 1905 1174 1623 1297 1509 1411 1839 1317 1225 1112 1297 1169 1180 1384 1597 1545 1837 1231 1294 1934 1311 1528 1749 1210 1843 1415 1142 1020 1879 1030 1123 1978 1295 1419 1738 1393 1699 1199 1767 1421 1733 1748 1420 1198 1173 1774 1805 1256 1960 1689 1028 1746 1003 1173 1355 1378 1430 1964 1896 1148 1391 1364 1673 1296 1295 1329 1067 1050 1021 1841 1819 1465 1345 1098 1591 1309 1169 1178 1293 1474 1460 1913 1879 1598 1186 1276 1658 1253 1170 1244 1599 1744 1226 1610 1397 BCNSPRNW ULIB Ver.6.0+V

เปลี่ยนเป็นภาษาไทย

Change to English
 แสดงรายละเอียดบรรณานุกรม
  กลับหน้าหลัก

Brief Record : Get Marc (ISO 2709) : E-mail record : QR code < ปิดหน้าต่าง
LEADER : 00000nam 2200000uu 4500
001    13399122127
003     ULIB
008    020711s2553 th a 000 0 tha d
020    9786165080897
099    น.ก282ช
100    กฤษณา อโศกสิน
245    ชาวกรง
260    กรุงเทพฯ :^bแสงดาว,^c2553
300    424 หน้า
945    ^p280^l0^i028092
รายการนี้ยังไม่มีแท็ก
คุณยังไม่ได้ล็อกอิน คุณสามารถมีกิจกรรมร่วมกับเว็บไซต์ได้ แต่ต้องล็อกอินก่อน ::
  ล็อกอิน

รายการสื่อสารสนเทศ

ลำดับที่ ประเภท เลขเรียก/บาร์โค้ด สถานที่ สถานะ
1. นวนิยาย
นวนิยาย
น.ก282ช  
  Barcode: 028092
ห้องสมุดวิทยาเขตสวรรค์ประชารักษ์
►นวนิยาย
บนชั้น
  ขอยืม

รายการใกล้เคียง
    ผู้แต่ง [กฤษณา อโศกสิน]

BibComment


ยังไม่เคยถูกคอมเมนท์

คอมเมนท์ทรัพยากรรายการนี้
  คอมเมนท์: ชาวกรง


 Copyright 2026. Bcnsprnw @Library